| 000 | 01118 am a2200277Ii 4500 | ||
|---|---|---|---|
| 008 | 160928s2015 ilua 001 0 eng u | ||
| 020 | _a9781478623069 | ||
| 040 |
_aB9K _beng _erda _cB9K |
||
| 050 | 0 | 0 |
_aTS155 _b.N112 2015 |
| 100 | 1 |
_aNahmias, Steven, _eauthor. |
|
| 245 | 1 | 0 |
_aProduction and operations analysis : _bstrategy, quality, analytics, application / _cSteven Nahmias, Santa Clara University, Tava Lennon Olsen, University of Auckland. |
| 250 | _aSeventh edition. | ||
| 264 | 1 |
_aLong Grove, Illinois : _bWaveland Press, Inc., _c2015. |
|
| 264 | 4 | _a©2015 | |
| 300 |
_axvi, 820 pages : _billustrations ; _c26 cm |
||
| 336 |
_atext _btxt _2rdacontent |
||
| 337 |
_aunmediated _bn _2rdamedia |
||
| 338 |
_avolume _bnc _2rdacarrier |
||
| 500 | _a"One learns by doing" -- Cover. | ||
| 500 | _a"Donated by Elifnaz Geçer." -- copy 3 | ||
| 504 | _aIncludes bibliographical references and index. | ||
| 650 | 0 | _aProduction management. | |
| 700 | 1 |
_aOlsen, Tava, _d1969- _eauthor. |
|
| 596 | _a9 | ||
| 947 |
_a48507876 _b13386393 _c4 _d7 _eBilkent Universitesi Kutuphaneleri _fBilkent - Merkez _g2021-01-25 10:56:20 |
||
| 999 |
_c200454689 _d72901 |
||